[Event "AUTO-ADV-4791"]
[Site "http://www.queenalice.com/game.php?id=1837557"]
[Date "2024.5.27"]
[Round "1"]
[White "johnny"]
[Black "almiradm87"]
[Result "0-1"]
[WhiteElo "1535"]
[BlackElo "1842"]

1. e4 c6 2. d3 d5 3. exd5 cxd5 4. d4 Nc6 5. Nf3 Bg4 6. c3 Nf6 7. h3 Bh5 8. Bb5
e6 9. O-O Bd6 10. Bg5 O-O 11. Bd3 h6 12. Bh4 Ne7 13. g4 Bg6 14. Bxg6 Nxg6 15.
Bg3 Ne4 16. Bxd6 Qxd6 17. h4 Nf4 18. Ne5 f6 0-1

[Event "AUTO-ADV-4791"]
[Site "http://www.queenalice.com/game.php?id=1837570"]
[Date "2024.5.27"]
[Round "1"]
[White "prof_zeco"]
[Black "johnny"]
[Result "1-0"]
[WhiteElo "1934"]
[BlackElo "1541"]

1. d4 d5 2. e4 dxe4 3. Nc3 Nf6 4. f3 exf3 5. Qxf3 Qxd4 6. Be3 Qd8 7. Bd3 Nc6 8.
O-O-O Bg4 9. Qf4 Bxd1 10. Nxd1 e5 11. Qa4 Bd6 12. Bb5 O-O 13. Bxc6 bxc6 14. Qxc6
e4 15. Nc3 h6 16. Nge2 a6 17. Rf1 Be5 18. Nxe4 Nxe4 19. Qxe4 Qe8 20. Qc4 Bxh2
21. Rh1 1-0

[Event "AUTO-ADV-4791"]
[Site "http://www.queenalice.com/game.php?id=1837571"]
[Date "2024.5.27"]
[Round "1"]
[White "johnny"]
[Black "prof_zeco"]
[Result "0-1"]
[WhiteElo "1543"]
[BlackElo "1932"]

1. e4 e5 2. Nf3 Nc6 3. d3 d6 4. Nc3 Be6 5. Be2 h6 6. O-O Nf6 7. h3 Be7 8. a3 O-O
9. Be3 d5 10. exd5 Nxd5 11. Nxd5 Bxd5 12. c3 Qd7 13. b4 Bf6 14. c4 Be6 15. b5
Nd4 16. Nxd4 exd4 17. Bd2 a6 18. bxa6 Rxa6 19. Bf3 c5 20. Be4 b5 0-1

[Event "AUTO-ADV-4791"]
[Site "http://www.queenalice.com/game.php?id=1837580"]
[Date "2024.5.27"]
[Round "1"]
[White "johnny"]
[Black "Olipika"]
[Result "0-1"]
[WhiteElo "1523"]
[BlackElo "1787"]

1. e4 c5 2. Bc4 Nc6 3. Qf3 e6 4. Nc3 Nf6 5. Qe3 Nd4 6. Bd3 Ng4 7. Qg3 h5 8. h3
Nf6 9. Nf3 a6 10. e5 Ng8 11. O-O d6 12. exd6 Bxd6 13. Qxg7 Qf6 14. Qxf6 Nxf6 15.
a3 Nxf3+ 16. gxf3 Rg8+ 17. Kh1 b5 18. b3 Bb7 19. Be2 Rg5 20. Rg1 Rxg1+ 21. Kxg1
Ke7 22. d3 Be5 23. Bd2 b4 24. f4 Bxc3 25. Bxc3 bxc3 26. f3 Nd5 27. Kf2 Nxf4 0-1

[Event "AUTO-ADV-4791"]
[Site "http://www.queenalice.com/game.php?id=1837581"]
[Date "2024.5.27"]
[Round "1"]
[White "Olipika"]
[Black "johnny"]
[Result "1-0"]
[WhiteElo "1792"]
[BlackElo "1518"]

1. c4 e5 2. g3 Bc5 3. Bg2 Qf6 4. e3 Nc6 5. Ne2 d6 6. O-O Qe6 7. d3 Nf6 8. Nbc3
a6 9. a3 O-O 10. b4 Bb6 11. d4 exd4 12. Nxd4 Nxd4 13. exd4 c6 14. c5 dxc5 15.
dxc5 Ba7 16. Re1 Qd7 17. Bg5 Qxd1 18. Raxd1 h6 19. Bxf6 gxf6 20. Ne4 Kg7 21. Nd6
Bg4 22. Rd4 Bc8 23. Rf4 Be6 24. Nxb7 Rac8 25. Nd6 Rcd8 26. Ne4 f5 27. Nd6 a5 28.
Bxc6 axb4 29. axb4 1-0

[Event "AUTO-INT-3880"]
[Site "http://www.queenalice.com/game.php?id=1837668"]
[Date "2024.5.28"]
[Round "1"]
[White "game"]
[Black "johnny"]
[Result "1-0"]
[WhiteElo "1492"]
[BlackElo "1547"]

1. e4 e5 2. Nf3 Nc6 3. Bc4 Nf6 4. Ng5 d5 5. exd5 Nxd5 6. Qf3 Qxg5 7. Bxd5 Be6 8.
Bxc6+ Bd7 9. Bxb7 Rb8 10. Bd5 Be6 11. O-O Rd8 12. d4 Qg6 13. Be4 Qf6 14. Bc6+
Bd7 15. Qxf6 gxf6 16. Bd5 Bb5 17. c4 Ba6 18. dxe5 fxe5 19. Bc6+ Ke7 20. b3 Ke6
21. Bb2 Bd6 22. Bd5+ Ke7 23. Re1 f6 24. Nc3 Rc8 25. Re4 Rb8 26. Rg4 h5 27. Rg7+
Kf8 28. Rg6 Ke7 29. Rg7+ Kd8 30. Bc6 Bb7 31. Bd5 Bxd5 32. Nxd5 f5 33. Rd1 Rb7
34. a4 Rxb3 35. Rd2 1-0

[Event "AUTO-INT-3880"]
[Site "http://www.queenalice.com/game.php?id=1837669"]
[Date "2024.5.28"]
[Round "1"]
[White "johnny"]
[Black "game"]
[Result "0-1"]
[WhiteElo "1567"]
[BlackElo "1472"]

1. e4 e5 2. Nf3 d6 3. Nc3 Nc6 4. d3 Bg4 5. h3 Bh5 6. Nd5 Nd4 7. Be2 c6 8. Nxd4
Bxe2 9. Nxe2 cxd5 10. exd5 Nf6 11. c4 Nh5 12. Nc3 Nf4 13. O-O g5 14. Ne4 h6 15.
Qf3 Qd7 16. Nf6+ Ke7 17. Nxd7 Kxd7 18. Qg4+ Kc7 19. g3 Nxd3 20. b3 f6 21. Qf5
Nxc1 22. Raxc1 Re8 23. Qxf6 Be7 24. Qf3 Rhg8 25. Qe3 g4 26. Qxh6 gxh3 27. Qxh3
Rh8 28. Qg2 Rh6 29. f3 Rg8 30. g4 Bg5 31. Rce1 Bf4 32. Re4 Rh2 0-1

[Event "AUTO-INT-3880"]
[Site "http://www.queenalice.com/game.php?id=1837682"]
[Date "2024.5.28"]
[Round "1"]
[White "Jomaley"]
[Black "johnny"]
[Result "1-0"]
[WhiteElo "1488"]
[BlackElo "1458"]

1. Nf3 Nc6 2. c3 Nf6 3. h3 h6 4. d4 d5 5. g4 e6 6. Ne5 Nxe5 7. dxe5 Nd7 8. f4 g6
9. Be3 Bc5 10. Bxc5 Nxc5 11. b4 Ne4 12. Bg2 O-O 13. Bxe4 dxe4 14. e3 Qxd1+ 15.
Kxd1 Rd8+ 16. Nd2 b6 17. g5 hxg5 18. fxg5 1-0

[Event "AUTO-INT-3880"]
[Site "http://www.queenalice.com/game.php?id=1837683"]
[Date "2024.5.28"]
[Round "1"]
[White "johnny"]
[Black "Jomaley"]
[Result "0-1"]
[WhiteElo "1443"]
[BlackElo "1503"]

1. e4 e5 2. Nf3 Qf6 3. Nc3 c6 4. d3 Bb4 5. a3 Bxc3+ 6. bxc3 d6 7. c4 Bg4 8. h3
Bxf3 9. gxf3 Ne7 10. Bg2 Nd7 11. O-O g5 12. Kh1 g4 13. fxg4 h6 14. Bb2 Nc5 15.
f3 O-O-O 16. f4 exf4 17. Bxf6 Rhe8 18. Rxf4 Ne6 0-1

[Event "AUTO-INT-3880"]
[Site "http://www.queenalice.com/game.php?id=1837692"]
[Date "2024.5.28"]
[Round "1"]
[White "johnny"]
[Black "fbenevides2019"]
[Result "0-1"]
[WhiteElo "1707"]
[BlackElo "1543"]

1. e4 e5 2. Nf3 Nf6 3. d3 Nc6 4. Be2 Bc5 5. Be3 Bxe3 6. fxe3 d6 7. Nc3 a6 8. O-O
h6 9. h3 O-O 10. a3 b5 11. b4 Bb7 12. Qc1 Ne7 13. Nh2 d5 14. exd5 Nfxd5 15. Nxd5
Nxd5 16. e4 Nf4 17. Bg4 Qg5 18. Kh1 Qg6 19. Qb2 Rae8 20. g3 Nh5 21. Kg2 Bc8 22.
Bxc8 Rxc8 23. Qxe5 Rfe8 24. Qb2 Qxg3+ 25. Kh1 Qxh3 26. c3 Ng3+ 27. Kg1 Nxf1 28.
Nxf1 Qxd3 0-1

[Event "AUTO-INT-3880"]
[Site "http://www.queenalice.com/game.php?id=1837693"]
[Date "2024.5.28"]
[Round "1"]
[White "fbenevides2019"]
[Black "johnny"]
[Result "1-0"]
[WhiteElo "1566"]
[BlackElo "1684"]

1. e4 e5 2. Nf3 Nc6 3. Nc3 Nf6 4. a3 d6 5. h3 Be7 6. Bb5 a6 7. Bxc6+ bxc6 8. O-O
d5 9. exd5 e4 10. Nd4 cxd5 11. b4 O-O 12. d3 exd3 13. Qxd3 Bb7 14. Qg3 Bd6 15.
Qd3 Qe7 16. Nf5 Qe5 17. Nxd6 Qxd6 18. Ne2 c6 19. Bg5 h6 20. Bf4 Qd7 21. Qg3 Kh8
22. Be5 Qe6 23. Bxf6 Qxf6 24. c3 Rfe8 25. Nd4 a5 26. bxa5 1-0

[Event "AUTO-ADV-4779"]
[Site "http://www.queenalice.com/game.php?id=1837938"]
[Date "2024.6.3"]
[Round "2"]
[White "Canaye14"]
[Black "johnny"]
[Result "1-0"]
[WhiteElo "1983"]
[BlackElo "1640"]

1. d4 d5 2. c4 e6 3. Nf3 f6 4. h3 dxc4 5. Bf4 b5 6. b3 cxb3 7. Qxb3 a6 8. e3 Bd6
9. Bxd6 cxd6 10. Nc3 d5 11. Bd3 Ne7 12. O-O O-O 13. Rac1 Nbc6 14. a3 Na5 15. Qb1
g6 16. e4 dxe4 17. Bxe4 Ra7 18. Rfd1 1-0

[Event "AUTO-ADV-4779"]
[Site "http://www.queenalice.com/game.php?id=1837939"]
[Date "2024.6.3"]
[Round "2"]
[White "johnny"]
[Black "Canaye14"]
[Result "0-1"]
[WhiteElo "1638"]
[BlackElo "1985"]

1. e4 e6 2. d3 d5 3. exd5 Qxd5 4. Nc3 Bb4 5. a3 Bxc3+ 6. bxc3 c5 7. Nf3 Nf6 8.
c4 Qd8 9. Be2 Nc6 10. O-O b6 11. Bg5 h6 12. Bxf6 Qxf6 13. Qd2 O-O 14. c3 Rd8 15.
a4 Na5 16. Rfb1 Bb7 17. h3 Nxc4 0-1

[Event "AUTO-ADV-4779"]
[Site "http://www.queenalice.com/game.php?id=1837942"]
[Date "2024.6.3"]
[Round "2"]
[White "kuntakinte"]
[Black "johnny"]
[Result "1-0"]
[WhiteElo "1870"]
[BlackElo "1514"]

1. e4 e5 2. Nf3 Nc6 3. Bc4 h6 4. O-O Nf6 5. Nc3 d6 6. h3 Be7 7. a3 O-O 8. d3 Nd4
9. Be3 Nxf3+ 10. Qxf3 Qe8 11. Qg3 g5 12. f3 a6 13. Nd5 Nxd5 14. Bxd5 c6 15. Bb3
c5 16. a4 a5 17. h4 Kh8 18. hxg5 Rg8 19. f4 1-0

[Event "AUTO-ADV-4779"]
[Site "http://www.queenalice.com/game.php?id=1837943"]
[Date "2024.6.3"]
[Round "2"]
[White "johnny"]
[Black "kuntakinte"]
[Result "0-1"]
[WhiteElo "1516"]
[BlackElo "1868"]

1. e4 e5 2. Nf3 d6 3. Nc3 c6 4. d3 Bg4 5. h3 Bxf3 6. Qxf3 Nf6 7. Be2 Be7 8. O-O
b5 9. a3 a6 10. b4 a5 11. bxa5 Qxa5 12. Nd1 b4 13. Bd2 Qb6 14. Bc1 O-O 15. Ne3
b3 16. Rb1 d5 17. cxb3 Bxa3 0-1

[Event "AUTO-ADV-4779"]
[Site "http://www.queenalice.com/game.php?id=1837947"]
[Date "2024.6.3"]
[Round "2"]
[White "matamuff"]
[Black "johnny"]
[Result "1-0"]
[WhiteElo "1949"]
[BlackElo "1714"]

1. Nf3 Nc6 2. g3 d6 3. Bg2 Bg4 4. O-O h6 5. d4 e6 6. c3 d5 7. Bf4 g5 8. Be5 Nxe5
9. Qc2 Nxf3+ 10. exf3 Bf5 11. Qa4+ c6 12. Qd1 Nf6 13. Re1 Be7 14. Nd2 O-O 15.
Nf1 1-0